[Event "Gothenburg op"]
[Site "Gothenburg"]
[Date "2023.08.12"]
[Round "6"]
[White "Wennerlund, Elias"]
[Black "Johansson, Roy"]
[Result "0-1"]
[WhiteElo "1710"]
[BlackElo "1890"]
[PlyCount "50"]
[EventDate "2023.08.11"]
[EventType "swiss"]
[EventRounds "8"]
[EventCountry "SWE"]
[SourceTitle "CBM 215 Extra"]
[Source "ChessBase"]
[SourceDate "2023.09.30"]
[SourceVersion "1"]
[SourceVersionDate "2023.09.30"]
[SourceQuality "1"]

1. e4 e6 2. Nf3 d5 3. Nc3 d4 4. Ne2 c5 5. c3 Nc6 6. cxd4 cxd4 7. Qa4 Bc5 8. b4 Bb6 9. b5 Nce7 10. Nexd4 Nf6 11. d3 e5 12. Nc2 Qc7 13. Bb2 Ng4 14. Ne3 Nxe3 15. fxe3 Ng6 16. Rc1 Qd8 17. Nxe5 Nxe5 18. Bxe5 0-0 19. Bd4 Qg5 20. Kd2 Be6 21. h4 Qg3 22. Be2 Rfd8 23. Bc5 Qe5 24. Bb4 Qxe4 25. d4 Bxd4 0-1